| 000 | 00438nam a2200169Ia 4500 | ||
|---|---|---|---|
| 008 | 230917s9999||||xx |||||||||||||| ||und|| | ||
| 020 | _cRS750 | ||
| 040 |
_e222371 _aMAIN |
||
| 041 | _aEnglish | ||
| 082 | _a301.35 R189G | ||
| 100 | _aRatan Singh | ||
| 245 | 0 | _aGrameen samaj shastra | |
| 260 |
_aNew Delhi _bOmega Publications _c2009 |
||
| 300 | _a296 p. | ||
| 500 | _a1811 09/01/2015 SANJAY5424 14/01/2015 Main Budget | ||
| 942 | _cBK | ||
| 999 |
_c13468 _d13468 |
||